Normal view
MARC view
- Computer software -- Development
Entry Topical Term
001 - CONTROL NUMBER
- control field: 28861
003 - CONTROL NUMBER IDENTIFIER
- control field: JO-AjAnu
005 - DATE AND TIME OF LATEST TRANSACTION
- control field: 20230606074903.0
008 - FIXED-LENGTH DATA ELEMENTS
- fixed length control field: 230606|| aca||aabn | a|a d
040 ## - CATALOGING SOURCE
- Original cataloging agency: JO-AjAnu
- Transcribing agency: JO-AjAnu
150 ## - HEADING--TOPICAL TERM
- Topical term or geographic name entry element: Computer software -- Development
670 ## - SOURCE DATA FOUND
- Source citation: Work cat.: (JO-AjAnu)14815: شنايدر، بوب ؛ ترجمة سعد قاسم , author 28860, مبادئ Access 95